000 00920cam a22002651 4500
001 gs 60000238
003 DLC
005 20260227111409.0
008 790424s1960 ndub b s000 0 eng c
010 _ags 60000238
035 _a(OCoLC)4889007
040 _aU.S. Geol. Survey. Libr.
_cMnMohC
_dDLC
042 _apremarc
043 _an-us-nd
050 0 0 _aTN872.N9
_bC3
100 1 _aCarlson, C. G.
_q(Clarence Gustav)
245 1 0 _aSubsurface geology and development of petroleum in North Dakota,
_cby Clarence G. Carlson, Wallace E. Bakken & Jack Kume.
260 _aGrand Forks,
_c1960.
300 _a123-143 p.
_bmaps, diagrs. tables.
_c23 cm.
410 2 0 _aNorth Dakota Geological Survey.
_tBulletin
_v34
500 _aCover title.
500 _a"Reprinted from The Compass, vol. 37, no. 2, pp. 123-143, Jan., 1960."
504 _aBibliography: p. 142-143.
650 0 _aPetroleum
_xGeology
_zNorth Dakota.
999 _c29467
_d29467